000 00357nam a2200145 i 4500
001 bg
100 1 _aMARCOLLA, K.
245 0 _aLaboratorium spawalnictwa :
_bzgrzewanie /
_cK. Marcolla, M. Michalski.
260 _aPoznaƄ,
_c1980.
700 1 _aMICHALSKI, M.
040 _cBPK
041 _apol
942 _cKS
008 s pl f |000 0 pol
999 _c3767
_d3767
856 _uhttp://koha.tu.koszalin.pl/cgi-bin/koha/opac-detail.pl?biblionumber=3767
_yKatalog online BPK